| 000 | 00842nam a2200265Ia 4500 | ||
|---|---|---|---|
| 003 | OSt | ||
| 005 | 20220923224240.0 | ||
| 006 | a|||||r|||| 00| 0 | ||
| 007 | ta | ||
| 008 | 220922b |||||||| |||| 00| 0 hin d | ||
| 024 | _a229,984 | ||
| 037 | _cTextual | ||
| 040 |
_aARTS _cARTS _bhin |
||
| 041 |
_2hin _ahin |
||
| 082 | _aQ14:(R), 152P5 | ||
| 100 | _aरस्तोगी, सुमनलता | ||
| 245 | 0 | _aअथर्ववेदीय दर्शन | |
| 246 | _aAtharvavedīya darshana | ||
| 260 |
_aदिल्ली _b प्रतिभा प्रकाशन _c2005 |
||
| 300 |
_a338पृ. _ccm. |
||
| 650 | _a धर्म | ||
| 650 | _aभारतीय दर्शन | ||
| 942 |
_hQ14:(R), 152P5 _cTEXL _2CC |
||
| 999 |
_c370188 _d370188 |
||